Normal view
MARC view
- Islam, M. Rafiqul
Entry Personal Name
001 - CONTROL NUMBER
- control field: 38800
003 - CONTROL NUMBER IDENTIFIER
- control field: OSt
005 - DATE AND TIME OF LATEST TRANSACTION
- control field: 20151125123317.0
008 - FIXED-LENGTH DATA ELEMENTS
- fixed length control field: 151125|| aca||aabn | a|a d
040 ## - CATALOGING SOURCE
- Original cataloging agency: OSt
100 1# - HEADING--PERSONAL NAME
- Personal name: Islam, M. Rafiqul
400 1# - SEE FROM TRACING--PERSONAL NAME
- Personal name: Isalāma, Ema. Raphikula